000 00658nam a22002175a 4500
001 002691
003 armpunfd
005 20140612090712.0
008 130827s2006####xx############000#0#und#d
020 _a950907618 x
040 _aarmpunfd
_carmpunfd
080 _a342.4 (82) c 627
100 1 _aconstitucion de la nacion argentina,
_d2006.
245 1 0 _aConstitucion de la nacion argentina :
_bTratados y Convenciones con jerarquia constitucional.
260 _ala Plata :
_blex,
_c2006.
300 _a20 p. ;
_c10 x10 cm.
650 7 _aconstitucion
_2LEMB
650 7 _atratados internacionales
_2LEMB
942 _c
_2cdu
945 _aCELESTE
_d2013-08-30
999 _c2580
_d233084